Robot Wars - World Championships Quiz Stats

 Plays Quiz not verified by Sporcle

Challenge
Share
Tweet
Embed
Score 0/44 Timer 10:00
0 Plays Today
% Correct
Razer
97%
Razer
97%
Chaos 2
94%
Chaos 2
94%
Tornado
89.4%
Tornado
89.4%
Storm 2
87.4%
Panic Attack
84.4%
Diotoir
83.9%
Diotoir
83.9%
Behemoth
82.4%
101
80.9%
Firestorm 3
78.9%
Supernova
77.4%
Typhoon 2
75.9%
Weld-Dor
74.9%
Depoppesaurus Rex
73.9%
Cerberus
73.4%
Killerhurtz
72.9%
Ansgar
72.4%
Ansgar 3
72.4%
Tough As Nails
72.4%
% Correct
Manta
70.9%
Drillzilla
70.9%
Mortis
69.3%
Hard
62.3%
Crushtacean
59.8%
Philliper
59.3%
Snake Bite
59.3%
All Torque
58.8%
Terror Australis
58.8%
Spartacus
58.3%
Mastiff
57.8%
The Revolutionist
57.8%
Panzer Mk. 2
57.3%
Rawbot
56.8%
Mauler
56.3%
Flensburger Power
53.3%
Techno-Lease
49.7%
Whirlpool 70
48.7%
Yeborobo
47.7%
PulverizeR
47.7%
Prometheus
45.2%
NEAT Machine
43.7%

You're not logged in!

Compare scores with friends on all Sporcle quizzes.
Join for Free
OR
Log In

You Might Also Like...

Show Comments

Extras

Created Nov 21, 2010ReportFavoriteNominate
Tags:robot, Robot Wars

Top Quizzes Today


Score Distribution

Your Account Isn't Verified!

In order to create a playlist on Sporcle, you need to verify the email address you used during registration. Go to your Sporcle Settings to finish the process.

Report this User

Report this user for behavior that violates our Community Guidelines.

Details: